| 000 | 00572nam a2200157Ia 4500 | ||
|---|---|---|---|
| 003 | SGT | ||
| 020 | _a9788174092359 | ||
| 082 |
_a526.9 _bAGO |
||
| 100 | _aAgor, R. | ||
| 245 | _aTextbook of surveying : for degree, diploma students, practising engineers, surveyors and A.M.I.E | ||
| 260 |
_bKhanna Publishers _aDelhi _c2011 |
||
| 300 | _a1060p. | ||
| 650 | _acivil engineering | ||
| 653 | _alinear measurements, chain surveying, compass surveying, plane table surveying, contouring, minor instruments, theodolite traversing, thermometric surveying | ||
| 942 |
_2ddc _cBK _02 |
||
| 999 |
_c5247 _d5247 |
||